000 00615nam a2200205Ia 4500
005 20250507130329.0
008 008 250505s9999 xx 000 0 eng d
020 _a9780415307383
037 _aAnnuals, Advances
040 _aEASL
_beng
_cEASL
041 _aeng
_2eng
084 _aY33:434.41, P4
_qEASL
100 _aWang Ya Ping Au.
_9664951
245 0 _aUrban poverty,housing and social change in China
260 _aUK
_bLondon Routledge
_c2004
300 _ax,182p.
490 _aHousing and Society Series
942 _cTEXL
_hY33:434.41, P4
999 _c1319051
_d1319051